Képzőművészet kiállítási krónika /

Elmentve itt :
Bibliográfiai részletek
Szerző: Tandi Lajos
További közreműködők: Nagy Irén, T.
Zoltánfy István
Papp György
Dokumentumtípus: Cikk
Megjelent: 1978
Sorozat:Tiszatáj 32 No. 2
Kulcsszavak:Grafika - magyar - 20. sz., Festészet - magyar - 20. sz., Intarzia, Képzőművészet - magyar - 20. sz.
Online Access:http://tiszataj.bibl.u-szeged.hu/9931
LEADER 00757nab a2200217 i 4500
001 tisza9931
005 20200330142554.0
008 170512s1978 hu o 0|| hun d
022 |a 0133-1167 
040 |a SZTE Tiszatáj Archívum  |b hun 
041 |a hun 
100 1 |a Tandi Lajos 
245 1 0 |a Képzőművészet   |h [elektronikus dokumentum] :  |b kiállítási krónika /  |c  Tandi Lajos 
260 |c 1978 
300 |a 89-91 
490 0 |a Tiszatáj  |v 32 No. 2 
695 |a Grafika - magyar - 20. sz., Festészet - magyar - 20. sz., Intarzia, Képzőművészet - magyar - 20. sz. 
700 0 1 |a Nagy Irén, T. 
700 0 1 |a Zoltánfy István 
700 0 1 |a Papp György 
856 4 0 |u http://tiszataj.bibl.u-szeged.hu/9931/1/tiszataj_1978_002_089-091.pdf  |z Dokumentum-elérés